| 000 | 00618nam a2200205 a 4500 | ||
|---|---|---|---|
| 005 | 20240910063948.0 | ||
| 008 | 991125m19721980es 000 0 spa u | ||
| 020 | _a8425405971 | ||
| 035 | _aUPN01000000993 | ||
| 049 | _aCG | ||
| 050 | 4 |
_aHQ796 _bR6.38 |
|
| 100 | 1 | _aRocheblave-Spenelé, Anne-Marie | |
| 245 | 1 | 3 |
_aEl adolescente y su mundo / _cAnne-Marie Rocheblave-Spenlé ; tr. S. Vila. |
| 260 |
_aBarcelona, Esp. : _bHerder, _c1972, (1980 impr.) |
||
| 300 | _a144 p. | ||
| 440 | 0 |
_aBiblioteca de psicología ; _v12 |
|
| 650 | 4 |
_aAdolescencia _91008 |
|
| 650 | 4 |
_aPsicología del adolescente _91013 |
|
| 905 | _aLibro | ||
| 999 |
_c993 _d993 |
||